Minimising Unhappiness/ (Record no. 205284)

MARC details
000 -LEADER
fixed length control field 00633nam a22002057a 4500
005 - DATE AND TIME OF LATEST TRANSACTION
control field 20240823164600.0
010 ## - LCCN (DPL NO)
LC control number ENG-141414
020 ## - INTERNATIONAL STANDARD BOOK NUMBER
International Standard Book Number 9789391317072
Terms of availability 300.00
035 ## - SYSTEM CONTROL NUMBER
System control number EN-124946
037 ## - SOURCE OF ACQUISITION
Source of stock number/acquisition DBAD
082 ## - DEWEY DECIMAL CLASSIFICATION NUMBER
Classification number 181.499
Edition number 1
100 ## - MAIN ENTRY--PERSONAL NAME
Personal name Nath, Sheo
245 ## - TITLE STATEMENT
Title Minimising Unhappiness/
Statement of responsibility, etc By Sheo Nath
250 ## - EDITION STATEMENT
Edition statement 1
260 ## - PUBLICATION, DISTRIBUTION, ETC. (IMPRINT)
Name of publisher, distributor, etc Book Street Publications
Place of publication, distribution, etc Noida
Date of publication, distribution, etc 2022
270 ## - ADDRESS
Address Jitendra Anand infratech Private Limited 2203, Express Trade Towers-2, Sector-132
City Noida
Postal code 201304
Electronic mail address jaipl3e@gmail.com
300 ## - PHYSICAL DESCRIPTION
Extent 118p.
Dimensions 22cm(pb)
700 ## - ADDED ENTRY--PERSONAL NAME
9 (RLIN) 70539
942 ## - ADDED ENTRY ELEMENTS (KOHA)
Source of classification or shelving scheme Dewey Decimal Classification
Item type English Books
Classification part 181.499
Call number suffix NAT
Edition 1
Holdings
Withdrawn status Lost status Not for loan Collection code Home library Current library Date acquired Source of acquisition Cost, normal purchase price Full call number Barcode Copy number Cost, replacement price Koha item type
      Non-fiction Shahdara Branch Shahdara Branch 23/08/2024 DBAD 300.00 181.499 NAT EN-124946 1 300.00 English Books

© Delhi Public Library
Hit Counter
free hit counter